| 000 | nam a22 7a 4500 | ||
|---|---|---|---|
| 999 |
_c153771 _d153769 |
||
| 005 | 20200121130840.0 | ||
| 008 | 200121b xxu||||| |||| 00| 0 eng d | ||
| 050 | 1 | 4 |
_aB809.8 _bW35 1963 |
| 100 | 1 | _a Wetter, Gustav A | |
| 245 |
_aDialectical materialism : a historical and systematic survey of philosophy in the Soviet Union / _cGustav A Wetter. ; tr. Peter Heath. |
||
| 246 |
_aMaterialismo dialéctico : _bun estudio histórico y sistemático de la filosofía en la Unión Soviética. |
||
| 250 | _a3a ed. | ||
| 260 |
_a New York ; _bPraeger, _c1963 |
||
| 300 |
_a609 p. ; _c21 cm. |
||
| 600 |
_aMarx, Karl, _d1818-1883 |
||
| 650 | _aMaterialismo dialéctico. | ||
| 650 | _aFilosofía marxista | ||
| 700 |
_aHeath., Peter _e tr. |
||
| 942 |
_2lcc _cLIB |
||